000 00747nam a2200289Ia 4500
005 20260324115230.0
008 008 260324s9999 xx 000 0 eng d
020 _a9780429275036
037 _aEBOOK
040 _aCRL
040 _beng
040 _cCRL
041 _2eng
041 _aeng
084 _qCRL
100 _aRanjeet Kumar Sahu; Somashekhar S Hiremath
_91153873
245 0 _aCorona Discharge Micromachining for the Synthesis of Nanoparticles
245 0 _bCharacterization and Applications
260 _bTaylor and Francis
260 _c2019
365 _a
365 _b115
856 _uhttp://www.taylorfrancis.com/books/9780429275036
942 _cEBOOK
999 _c1744600
_d1744600